000 00455nam a22001697a 4500
999 _c3658
_d3658
003 GBCCL
005 20241126110459.0
008 171130b xxu||||| |||| 00| 0 eng d
040 _cgbc
082 _aVER 230.046
_bGIN
100 _aGinsianthang, V.
_97258
245 _aSystematic Theology /
_cV. Ginsianthang
260 _aNew Lamka:
_bGrace Bible College,
_c2016
300 _a95p.;
_c20 cm.
650 _aSystematic Theology
_97259
942 _2ddc
_cBK
_024